[Event "Turkish Super League 2019"]
[Site "Konya"]
[Date "2019.07.17"]
[Round "1"]
[White "Aydin, Hakan Arda"]
[Black "Tarlabasi, Emirhan"]
[Result "0-1"]
[WhiteElo "1956"]
[BlackElo "2352"]
[Annotator "NA"]
[PlyCount "58"]
[EventDate "2019.07.17"]
[EventType "team-tourn"]
[EventCountry "TUR"]
[SourceTitle "playchess.com"]
[Source "ChessBase"]
[SourceQuality "1"]
[TimeControl "40/5400+30:1800+30"]

1. e4 e6 2. d4 d5 3. e5 c5 4. c3 Nc6 5. Nf3 Bd7 6. Bd3 Qb6 7. Bc2 cxd4 8. cxd4 Nb4 9. Nc3 Nxc2+ 10. Qxc2 Ne7 11. O-O Nf5 12. Be3 Be7 13. Rac1 O-O 14. Kh1 Qa6 15. g4 Nxe3 16. fxe3 b5 17. a3 Qb7 18. h4 a5 19. Ng5 Bxg5 20. hxg5 b4 21. axb4 axb4 22. Nb1 Bb5 23. Rg1 Rac8 24. Qh2 Bd3 25. Nd2 b3 26. Kg2 Rc2 27. Rxc2 bxc2 28. b3 {[%emt 1:38:41]} Qe7 {[%emt 1:34:51]} 29. Qf4 {[%emt 0:02:31]} Qa3 {[%emt 0:00:44]} 0-1

[Event "Turkish Super League 2019"]
[Site "Konya"]
[Date "2019.07.17"]
[Round "1"]
[White "Ayan, Bengu Sena"]
[Black "Samani, Yamac"]
[Result "0-1"]
[WhiteElo "1885"]
[BlackElo "2266"]
[Annotator "NA"]
[PlyCount "64"]
[EventDate "2019.07.17"]
[EventType "team-tourn"]
[EventCountry "TUR"]
[SourceTitle "playchess.com"]
[Source "ChessBase"]
[SourceQuality "1"]
[TimeControl "40/5400+30:1800+30"]

1. d4 Nf6 2. c4 g6 3. f3 Bg7 4. e4 d6 5. Nc3 O-O 6. Be3 c5 7. d5 e6 8. Nge2 exd5 9. cxd5 Nbd7 10. Ng3 h5 11. Be2 h4 12. Nf1 Nh7 13. Qd2 Ne5 14. Bh6 f5 15. Bxg7 Kxg7 16. f4 Nf7 17. exf5 gxf5 18. O-O-O Re8 19. Rg1 Nf6 20. h3 Ne4 21. Qc2 Nxc3 22. Qxc3+ Qf6 23. Qd2 Re4 24. g4 fxg4 25. Bxg4 Kh8 26. Nh2 Qxf4 27. Rgf1 {[%emt 1:36:57]} Qxd2+ {[%emt 1:30:54]} 28. Rxd2 {[%emt 0:00:30]} Bxg4 {[%emt 0:00:30]} 29. Nxg4 {[%emt 0:00:30]} Ng5 {[%emt 0:00:30]} 30. Nf2 {[%emt 0:00:30]} Rf8 {[%emt 0:00:30]} 31. Rg1 {[%emt 0:00:30]} Rc4+ {[%emt 0:00:30]} 32. Kd1 {[%emt 0:00:30]} Nf3 {[%emt 0:00:30]} 0-1

[Event "Turkish Super League 2019"]
[Site "Konya"]
[Date "2019.07.18"]
[Round "2"]
[White "Ivanchuk, Vassily"]
[Black "Alekseenko, Kirill"]
[Result "1/2-1/2"]
[WhiteElo "2684"]
[BlackElo "2650"]
[Annotator "TA"]
[PlyCount "79"]
[EventDate "2019.07.17"]
[EventType "team-tourn"]
[EventCountry "TUR"]
[SourceTitle "playchess.com"]
[Source "ChessBase"]
[SourceQuality "1"]

{[%evp 15,79,4,7,16,39,36,24,28,29,16,24,12,49,20,42,20,21,16,38,23,31,18,10,14,29,19,120,0,67,90,60,45,84,76,77,28,46,4,58,29,32,25,27,0,81,61,73,72,96,72,83,43,96,47,87,45,80,55,69,43,54,28,47,53,42,25]} 1. c4 e5 2. g3 Nc6 3. Bg2 g6 4. Nc3 Bg7 5. Rb1 a5 6. a3 {[%cal Ba2a3,Ba3b4,Bb4b5][%mdl 32]} d6 7. b4 axb4 8. axb4 f5 9. b5 {A25: English Opening vs King's Indian with ...Nc6 but without early d3} Nd4 (9... Nce7 10. d3 Nf6 11. Nf3 h6 12. Qb3 Be6 13. Nd2 c6 14. O-O O-O 15. Bb2 Qd7 16. Ra1 Bf7 {½-½ (41) Ivanchuk,V (2739)-Movsesian,S (2723) Reggio Emilia 2010}) 10. e3 Ne6 11. Nge2 {White has an edge.} Nf6 12. d3 O-O 13. O-O h5 14. Nd5 {[#]} Ng4 $146 ({Predecessor:} 14... Nxd5 15. cxd5 Nc5 16. d4 Na4 17. Qb3 e4 18. Nf4 {½-½ (55) Turov,M (2630)-Nikolic,P (2619) Wijk aan Zee 2013}) 15. f3 Nh6 16. Bd2 Bd7 17. Bc3 h4 18. Qd2 hxg3 19. hxg3 Qg5 20. Rf2 Qh5 (20... Rf7 $11 {keeps the balance.}) 21. Bh1 (21. d4 $16) 21... g5 (21... Ng5 $11 22. Bg2 Ne6) 22. Rh2 $14 Qf7 23. d4 c6 24. Nb6 Rad8 25. Nxd7 (25. d5 {keeps more tension.} cxd5 26. Nxd5 Nc5 27. Ba5 Rc8 28. Nb6) 25... Rxd7 26. Bg2 c5 (26... f4 $11) 27. d5 Nc7 28. Rf1 $36 {[%mdl 2048] White wants to play e4. White has some pressure.} Qg6 29. Qc2 g4 (29... e4 $1 $11 {remains equal.}) 30. f4 {[#] Black must now prevent e4.} e4 $1 31. Kf2 Ne8 32. Ra1 Nf6 33. Nc1 b6 (33... Ne8 $14) 34. Nb3 Nf7 35. Bf1 Rb8 36. Be2 Re7 37. Rhh1 Ne8 38. Ra2 Bxc3 39. Qxc3 Qg7 40. Qxg7+ {Accuracy: White = 20%, Black = 36%.} 1/2-1/2

[Event "Turkish Super League 2019"]
[Site "Konya"]
[Date "2019.07.18"]
[Round "2"]
[White "Mamedov, Rauf"]
[Black "Kravtsiv, Martyn"]
[Result "1/2-1/2"]
[WhiteElo "2650"]
[BlackElo "2628"]
[Annotator "TA"]
[PlyCount "139"]
[EventDate "2019.07.17"]
[EventType "team-tourn"]
[EventCountry "TUR"]
[SourceTitle "playchess.com"]
[Source "ChessBase"]
[SourceQuality "1"]

{[%evp 17,139,8,12,13,0,16,2,5,15,0,0,-33,10,10,7,11,11,10,10,6,6,0,0,0,0,0,0,0,0,0,0,0,0,0,0,0,42,0,179,172,159,189,213,220,360,73,66,72,70,57,80,90,81,64,186,155,193,133,142,135,233,227,224,93,100,87,81,72,95,16,18,16,16,16,16,16,16,14,18,0,16,16,16,11,17,28,29,0,0,0,0,0,0,0,0,0,0,0,0,0,0,0,0,0,0,0,0,0,41,40,40,41,41,40,41,8,10,10,14,0,0,0,15,0]} 1. e4 e5 2. Nf3 Nc6 3. Bb5 a6 4. Ba4 Nf6 5. Nc3 Be7 6. O-O b5 7. Bb3 d6 8. a4 b4 9. Nd5 Na5 10. Ba2 {C84: Closed Ruy Lopez: Unusual White 6th moves} (10. Nxf6+ Bxf6 11. Ba2 O-O 12. d3 Rb8 13. Be3 b3 14. Bxb3 Nxb3 15. cxb3 Bg4 16. Ra3 Be7 17. Qc2 Bxf3 18. gxf3 {½-½ (44) Ponomariov,R (2731)-Karjakin,S (2756) Beijing 2013}) 10... Nxd5 11. Bxd5 c6 12. Ba2 c5 13. Bd5 Rb8 14. c3 bxc3 $146 ({Predecessor:} 14... Bb7 15. Bxb7 Rxb7 16. Qe2 Qb6 17. c4 O-O {½-½ (40) Morais,G (2373)-Ingersol,H (2414) ICCF email 2012}) 15. dxc3 Be6 16. b4 cxb4 17. cxb4 Rxb4 18. Ba3 Rb6 19. Qd3 O-O 20. Rab1 Rxb1 21. Rxb1 Qd7 $1 22. Qxa6 Bxd5 23. exd5 Qxa4 24. Bxd6 Bxd6 25. Qxd6 Nc4 26. Qc5 Qc2 27. Ra1 Qd3 $2 (27... e4 $1 $11 {and Black is okay.} 28. Nd2 Qxd2 29. Qxc4 Rd8) 28. Rc1 $18 Nd2 {Hoping for ...Nb3.} 29. Nxe5 Qe4 30. Nc6 $1 {[%cal Rc6e7]} Re8 (30... Nb3 $142 31. Qc2 (31. Ne7+ Kh8 $16) 31... Qxc2 32. Rxc2 Ra8) 31. Qe3 $2 (31. f3 $18 Qe2 32. Qf2) 31... Qxe3 $16 32. fxe3 {[%mdl 4096] Endgame KRN-KRN} Ne4 33. Kf1 Nf6 34. d6 Kf8 35. Rd1 Re6 (35... Nd7 $1 $14) 36. Nd8 Re8 37. Nb7 $1 {aiming for d7.} Nd7 {[#]} 38. Rc1 $1 {[%cal Rc1c7]} Nf6 (38... Ra8 $16 39. Rc7 Ke8) 39. Ke2 $18 Rb8 {[#]} 40. Nc5 (40. e4 $1 $18 {[%mdl 512] is more deadly.}) 40... Ke8 $16 41. Ra1 Rd8 42. e4 Nd7 43. Nd3 ({Better is} 43. Nxd7 $16 {Threatens to win with Ne5.} Kxd7 44. Ra7+ Kxd6 45. Rxf7) 43... f6 $1 $11 44. Ra7 {Black should prevent Nf4.} Rb8 45. Nf4 Rb6 46. Ne6 g6 $1 47. Ng7+ Kd8 48. Ne6+ Ke8 49. Nc7+ Kf7 50. Ke3 Rb2 51. h4 h5 52. g3 (52. Nd5 $5 {[%cal Ra7d7]} Ke6 53. Nf4+ Kxd6 54. Ra6+ (54. Nxg6 Rxg2 55. Ra6+ Kc5 $11) 54... Kc7 55. Nxg6 $11) 52... Rb6 53. Ke2 Rb3 54. Ra8 {And now Re8 would win.} Rb6 55. Ra7 Rb3 56. Kf2 Rb2+ 57. Ke3 Rb6 58. Kf4 Rxd6 59. Nd5 Ke6 60. Nc7+ Kf7 61. Nd5 Ke6 62. Ke3 f5 63. Nc7+ Ke7 $1 64. exf5 gxf5 65. Kf4 Rd3 66. Nb5 Kf6 {...Nf8 is the strong threat.The position is equal.} 67. Ra6+ Ke7 68. Ra7 Kf6 {Strongly threatening ...Nf8.} 69. Ra6+ Ke7 70. Ra7 {Accuracy: White = 51%, Black = 72%.} 1/2-1/2

[Event "Turkish Super League 2019"]
[Site "Konya"]
[Date "2019.07.18"]
[Round "2"]
[White "Abasov, Nijat"]
[Black "Demchenko, Anton"]
[Result "1-0"]
[WhiteElo "2641"]
[BlackElo "2665"]
[Annotator "TA"]
[PlyCount "119"]
[EventDate "2019.07.17"]
[EventType "team-tourn"]
[EventCountry "TUR"]
[SourceTitle "playchess.com"]
[Source "ChessBase"]
[SourceQuality "1"]

{[%evp 9,119,0,0,-7,0,0,0,0,0,-8,0,-2,-10,-14,-9,-10,0,0,0,0,0,0,0,0,19,0,0,0,16,13,20,4,10,10,21,21,29,29,29,29,29,29,39,39,126,0,0,0,0,0,0,0,0,0,33,33,33,33,33,33,33,33,33,33,33,33,33,37,46,8,33,33,33,33,114,114,114,114,114,106,113,113,131,131,146,146,146,146,175,0,0,0,0,0,0,0,0,0,0,0,0,0,592,335,29979,29980,29980,29981,29983,29984,29981,29981]} 1. d4 Nf6 2. Bf4 d5 3. e3 c5 4. Nc3 cxd4 5. exd4 a6 6. h3 {B13: Caro-Kann: Exchange Variation and Panov-Botvinnik Attack} (6. Bd3 Nc6 7. Nge2 Bg4 8. f3 Bh5 9. h4 Bg6 10. g4 e6 11. h5 Bxd3 12. Qxd3 h6 13. O-O-O {0-1 (50) Jobava,B (2646)-Nisipeanu,L (2657) Spilimbergo 2018}) 6... Nc6 7. Nf3 Bf5 8. Bd3 {The position is equal.} Bxd3 9. Qxd3 e6 10. O-O Be7 11. Rfe1 O-O $146 ({Predecessor:} 11... Rc8 12. a3 O-O 13. Rad1 {0-1 (53) Secrieru,I (1983)-Voiculescu,C (2520) ICCF email 2009}) 12. Ne2 Rc8 {And now ...Nb4 would win.} 13. c3 Qb6 14. Rab1 Qb5 (14... Rfe8 {is interesting.} 15. Nd2 Na5 16. Qf3 Qc6 17. Nc1 Nc4) 15. Qxb5 axb5 16. a3 Ne4 17. Nc1 g5 18. Bh2 f6 19. Nb3 Kf7 20. Nbd2 f5 21. Nxe4 dxe4 22. Ne5+ Nxe5 23. Bxe5 h5 24. f3 exf3 25. gxf3 g4 26. hxg4 hxg4 (26... Rg8 $14) 27. Kf2 ({Better is} 27. Kg2 $1 $16) 27... Bh4+ $1 $11 28. Bg3 Bxg3+ 29. Kxg3 {[%mdl 4096] Endgame KRR-KRR} Rh8 30. Rh1 gxf3 31. Kxf3 Ke7 32. Rbe1 Kd6 33. Rxh8 Rxh8 $14 {KR-KR} 34. Re5 b4 35. axb4 Rh2 36. Re2 Rh3+ 37. Kf4 Rh4+ 38. Kg3 Rh1 39. b5 Rf1 40. Kg2 Rd1 41. Kf3 Rf1+ ({Black should play} 41... Rh1 $14) 42. Ke3 $1 $16 e5 43. dxe5+ Kxe5 44. Kd3+ Kd6 {[#]} 45. b4 $1 Rh1 46. Re8 Rh3+ 47. Re3 Rh7 48. c4 f4 {[#]} 49. Rf3 $2 (49. Re4 $1 $18) 49... Ke5 $11 50. c5 Rf7 $1 51. b6 Kd5 $1 52. Kc3 Ke4 53. Rf1 f3 54. Kc4 {Strongly threatening b5.} f2 55. b5 {[%cal Bb4b5,Bb5c6,Bc6c7][%mdl 32] Threatens to win with c6.} Ke5 $2 {[%mdl 8192]} (55... Kf3 $11 {and Black stays safe.}) 56. c6 bxc6 $2 (56... Kd6 $18 57. c7 Rf4+ 58. Kd3 Kd7) 57. bxc6 {White mates.} Kd6 58. c7 Rf4+ 59. Kb5 Rf5+ 60. Ka6 {Accuracy: White = 74%, Black = 53%.} 1-0

[Event "Turkish Super League 2019"]
[Site "Konya"]
[Date "2019.07.18"]
[Round "2"]
[White "Durarbayli, Vasif"]
[Black "Tomashevsky, Evgeny"]
[Result "0-1"]
[WhiteElo "2637"]
[BlackElo "2702"]
[Annotator "TA"]
[PlyCount "60"]
[EventDate "2019.07.17"]
[EventType "team-tourn"]
[EventCountry "TUR"]
[SourceTitle "playchess.com"]
[Source "ChessBase"]
[SourceQuality "1"]

{[%evp 20,60,0,0,0,0,0,13,18,12,28,19,40,0,0,-29,-43,-35,-27,-42,-28,-55,-36,-29,0,0,0,-58,-28,-12,-14,-31,-16,-19,0,0,0,0,0,-31,-20,-845,-833]} 1. e4 e5 2. Nf3 Nc6 3. Bb5 a6 4. Ba4 Nf6 5. O-O Be7 6. Re1 b5 7. Bb3 O-O 8. d4 Nxd4 9. Bxf7+ Rxf7 10. Nxe5 Rf8 11. Qxd4 c5 {C88: Closed Ruy Lopez: Anti-Marshall Systems} 12. Qd1 Bb7 13. Nc3 Qc7 {The position is equal.} (13... b4 14. Nd5 Nxd5 15. exd5 Bd6 16. f4 Bxe5 17. fxe5 Qh4 18. Be3 Qc4 19. b3 Qxd5 20. Qxd5+ Bxd5 {½-½ (31) Amin,B (2609)-Leko,P (2717) Ningbo 2011}) 14. Ng4 Nxg4 15. Qxg4 Bd6 16. Qh5 Be5 $146 ({Predecessor:} 16... Rae8 17. Bd2 Be5 18. f3 b4 19. Nd1 {0-1 (38) Morozov,S (2370)-Weissleder,W (2350) ICCF corr 1995}) 17. Bd2 b4 18. Nd5 Bxd5 19. exd5 Bxb2 20. Rad1 Bd4 21. Be3 Bc3 22. d6 Qc6 23. Rf1 (23. Bd2 $11) 23... Rae8 24. Qd5+ Qxd5 25. Rxd5 c4 26. Rfd1 Re6 27. Rc5 Rff6 28. Rc8+ $1 Kf7 29. Bc5 {Rd8 is the strong threat.} Re5 30. Bb6 $2 {[%mdl 8192] [#]} (30. Be3 $11) 30... Rxd6 $1 {[%mdl 512] Accuracy: White = 55%, Black = 68%.} 0-1

[Event "Turkish Super League 2019"]
[Site "Konya"]
[Date "2019.07.18"]
[Round "2"]
[White "Esipenko, Andrey"]
[Black "Akdogan, Alperen"]
[Result "1-0"]
[WhiteElo "2621"]
[BlackElo "2193"]
[Annotator "TA"]
[PlyCount "47"]
[EventDate "2019.07.17"]
[EventType "team-tourn"]
[EventCountry "TUR"]
[SourceTitle "playchess.com"]
[Source "ChessBase"]
[SourceQuality "1"]

{[%evp 10,47,69,59,66,59,59,59,86,71,142,128,119,113,131,136,151,155,176,179,212,217,504,518,701,713,729,664,839,812,779,765,846,845,966,928,972,835,918,911]} 1. e4 d5 2. exd5 Qxd5 3. Nc3 Qd6 4. d4 Nf6 5. Nf3 Bg4 6. h3 Bh5 {B01: Scandinavian Defence} 7. g4 Bg6 $1 8. Bg2 (8. Ne5 Nbd7 9. Bf4 Nxe5 10. Bxe5 Qb6 11. Qf3 O-O-O 12. O-O-O e6 13. Bd3 Bb4 14. Bxg6 hxg6 {½-½ (55) Caruana,F (2828)-Moranda,W (2593) chess.com INT 2019}) 8... Nc6 {White is slightly better.} 9. O-O $1 O-O-O (9... e6 $142) 10. Nb5 $1 $16 {[%cal Rb5d6]} Qd7 11. Qe2 $146 {aiming for Ne5.} ({Predecessor:} 11. Bf4 Nd5 12. Bg3 a6 13. a4 e5 14. Nxe5 Nxe5 15. dxe5 {1-0 (36) Bures,J (2396)-Vojta,T (2354) Czech Republic 2018}) 11... a6 12. a4 $1 e6 (12... axb5 13. axb5 Nb8 14. Rd1 $16) 13. Rd1 Bd6 14. c4 h6 {[#]} ({Much worse is} 14... axb5 $6 15. axb5 Nb8 16. Bg5 $16) 15. Be3 $1 Ne4 $2 {[#]} (15... Qe8 {might work better.} 16. Nxd6+ Rxd6) 16. c5 $1 $18 {White is clearly winning.} Be7 17. Ne5 Nxe5 18. dxe5 Qxd1+ 19. Rxd1 Rxd1+ 20. Qxd1 axb5 21. axb5 Rd8 22. Qa4 {White wants to mate with c6.} Nxc5 23. Qa8+ Kd7 24. Qa7 {Accuracy: White = 100%, Black = 27%.} 1-0

[Event "Turkish Super League 2019"]
[Site "Konya"]
[Date "2019.07.18"]
[Round "2"]
[White "Nihal Sarin"]
[Black "Inarkiev, Ernesto"]
[Result "1/2-1/2"]
[WhiteElo "2610"]
[BlackElo "2693"]
[Annotator "TA"]
[PlyCount "101"]
[EventDate "2019.07.17"]
[EventType "team-tourn"]
[EventCountry "TUR"]
[SourceTitle "playchess.com"]
[Source "ChessBase"]
[SourceQuality "1"]

{[%evp 9,101,4,28,23,16,13,0,8,30,21,6,9,13,17,10,20,20,18,14,23,22,22,20,15,26,21,45,-1,15,21,15,19,11,0,15,0,0,0,10,6,9,14,6,0,51,48,57,45,56,82,66,48,56,47,52,45,63,18,36,26,33,22,37,10,13,2,2,2,2,2,2,2,2,2,8,8,8,0,3,3,8,2,3,2,8,4,8,2,2,0,0,0,0,0]} 1. c4 e5 2. g3 Nf6 3. Bg2 c6 4. Nf3 e4 5. Nd4 d5 6. d3 {A20: English Opening: 1...e5} (6. cxd5 cxd5 7. d3 Bc5 8. Nb3 Bb6 9. O-O O-O 10. Nc3 Bf5 11. Bg5 Re8 12. Bxf6 Qxf6 13. Nxd5 Qxb2 14. dxe4 Bg4 15. Bf3 Bh3 16. Qc1 Qe5 17. Rd1 Nc6 18. Qf4 {1-0 (31) Mamedyarov,S (2817)-Ganguly,S (2615) Kolkata 2018}) 6... Qb6 7. Nb3 dxc4 8. dxc4 Qb4+ $146 ({Predecessor:} 8... Be6 9. Nc3 Bxc4 10. Be3 Bxb3 11. Qxb3 Qxb3 12. axb3 Na6 13. O-O Bc5 14. Bxc5 Nxc5 {0-1 (42) Stewart,A (2111)-Jones,S (2171) Llandudno 2017}) 9. Nc3 Be7 10. O-O O-O 11. Qc2 Qxc4 12. Nd2 Qe6 13. Ndxe4 Nxe4 14. Bxe4 h6 15. Rd1 Na6 16. Bf4 Bd7 17. a3 Nc5 18. Bh7+ Kh8 19. b4 f5 20. bxc5 Kxh7 21. Bd6 Rae8 22. e3 Rf7 23. Bxe7 Rexe7 24. Rab1 Qc4 25. Rxb7 Qxc5 26. Qb2 Be8 (26... f4 $11 27. exf4 (27. gxf4 Qh5 $17) 27... Qh5) 27. Rb8 $36 {[%mdl 2048] White has good play.} Rf6 28. Rdd8 Rfe6 29. h4 Qe5 30. Ne2 Qxb2 31. Rxb2 g5 $1 32. hxg5 hxg5 33. Rbb8 {[#] Black must now prevent Nd4.} Bf7 34. Nd4 Rf6 35. Rbc8 f4 36. gxf4 gxf4 {The position is equal.} 37. Rxc6 Rxc6 38. Nxc6 fxe3 39. fxe3 (39. Nxe7 $2 {loses.} e2 $19) 39... Rxe3 {[%mdl 4096] Endgame KRB-KRN} 40. Rd7 Kg6 41. Rxa7 Bc4 42. Ra5 {[#] aiming for Ne5+.} Kf6 43. Rc5 Bb3 44. Kf2 Re4 45. Nb4 Ke6 46. Kf3 Re5 47. Rc3 Bd5+ 48. Nxd5 Kxd5 49. Re3 Rxe3+ 50. Kxe3 Kc4 51. Ke4 {Accuracy: White = 55%, Black = 66%.} 1/2-1/2

[Event "Turkish Super League 2019"]
[Site "Konya"]
[Date "2019.07.18"]
[Round "2"]
[White "Can, Emre"]
[Black "Rasulov, Vugar"]
[Result "1/2-1/2"]
[WhiteElo "2595"]
[BlackElo "2534"]
[Annotator "TA"]
[PlyCount "61"]
[EventDate "2019.07.17"]
[EventType "team-tourn"]
[EventCountry "TUR"]
[SourceTitle "playchess.com"]
[Source "ChessBase"]
[SourceQuality "1"]

{[%evp 23,61,-32,-24,-35,-28,-30,-22,-16,-19,-15,-8,-30,12,0,0,0,22,37,26,23,45,33,42,34,50,9,17,0,0,0,8,0,0,0,0,0,0,0,0,0]} 1. d4 Nf6 2. c4 e6 3. Nf3 b6 4. g3 Bb7 5. Bg2 c5 6. d5 exd5 7. Nh4 g6 8. Nc3 Bg7 9. O-O O-O 10. Nxd5 Nxd5 11. Bxd5 Bxd5 12. Qxd5 Nc6 13. Bg5 {E16: Queen's Indian: 4 g3 Bb7 5 Bg2 Bb4+} (13. Rd1 Nb4 14. Qd2 Qe7 15. a3 Nc6 16. Ra2 Rfe8 17. e3 Ne5 18. Qe2 a5 19. a4 Rad8 20. b3 Nc6 {1-0 (42) Chandra,A (2495)-Rosen,E (2414) Saint Louis 2015}) 13... Qe8 14. Qd2 Qe6 15. Rac1 $1 Rfe8 16. Rfe1 a5 $146 ({Predecessor:} 16... Nd4 17. Be3 Nc6 18. Ng2 Bd4 19. Bxd4 Nxd4 20. Nf4 Qc6 {0-1 (29) Chugunov,S-Gromadin,G (2221) Dubna 2001}) 17. Ng2 Qg4 18. Bf4 Nd4 {[%cal Re8e2]} 19. Be3 g5 20. Bxd4 cxd4 21. e3 Re6 22. exd4 Rae8 23. Rxe6 Rxe6 24. Ne3 Qxd4 {The position is equal.} 25. Rd1 Qxb2 26. Qxd7 {[#] Threatens to win with c5!} h6 27. a4 Bf8 28. Qc8 Qa3 {Hoping for ...Rxe3.} 29. Rd8 Rxe3 30. fxe3 Qxe3+ 31. Kg2 {Accuracy: White = 56%, Black = 42%.} 1/2-1/2

[Event "Turkish Super League 2019"]
[Site "Konya"]
[Date "2019.07.18"]
[Round "2"]
[White "Rozum, Ivan"]
[Black "Selbes, Tarik"]
[Result "1-0"]
[WhiteElo "2583"]
[BlackElo "2342"]
[Annotator "ChessBase"]
[PlyCount "69"]
[EventDate "2019.07.17"]
[EventType "team-tourn"]
[EventCountry "TUR"]
[SourceTitle "playchess.com"]
[Source "ChessBase"]
[SourceQuality "1"]
[TimeControl "40/5400+30:1800+30"]

1. Nf3 d6 2. d4 f5 3. g3 Nf6 4. Bg2 g6 5. O-O Bg7 6. b3 O-O 7. Bb2 Qe8 8. c4 a5 9. Nc3 Bd7 10. a3 Na6 11. d5 Nc5 12. Nd4 c6 13. Qc2 e5 14. dxe6 Bxe6 15. Rad1 Bf7 16. Rfe1 Nfe4 17. Nxe4 Nxe4 18. Nf3 Bxb2 19. Qxb2 a4 20. bxa4 Qe7 21. Qb4 Ra6 22. Nd2 Nc5 23. a5 Rfa8 24. Qb1 Rxa5 25. e4 f4 26. gxf4 Rxa3 27. e5 Nd3 28. exd6 Qh4 29. Ne4 Nxf4 30. Qb2 Nxg2 31. Nf6+ Kf8 {[%emt 1:45:21]} 32. d7 {[%emt 1:42:00]} Nxe1 {[%emt 0:00:30]} 33. d8=Q+ {[%emt 0:00:30]} Rxd8 {[%emt 0:00:30]} 34. Rxd8+ {[%emt 0:00:30]} Kg7 {[%emt 0:00:30]} 35. Ng4+ {[%emt 0:00:30]} 1-0

[Event "Turkish Super League 2019"]
[Site "Konya"]
[Date "2019.07.18"]
[Round "2"]
[White "Mchedlishvili, Mikheil"]
[Black "Romanov, Evgeny"]
[Result "0-1"]
[WhiteElo "2571"]
[BlackElo "2582"]
[Annotator "ChessBase"]
[PlyCount "67"]
[EventDate "2019.07.17"]
[EventType "team-tourn"]
[EventCountry "TUR"]
[SourceTitle "playchess.com"]
[Source "ChessBase"]
[SourceQuality "1"]
[TimeControl "40/5400+30:1800+30"]

1. d4 Nf6 2. Bg5 Ne4 3. Bf4 c5 4. f3 Qa5+ 5. c3 Nf6 6. d5 d6 7. e4 g6 8. Nd2 Bg7 9. a4 O-O 10. Nc4 Qd8 11. Bd3 b6 12. Ne2 Ba6 13. O-O Nbd7 14. Ng3 Ne8 15. Qd2 Bxc4 16. Bxc4 a6 17. Bh6 Nc7 18. Bxg7 Kxg7 19. Be2 b5 20. b3 Rb8 21. a5 b4 22. c4 e5 23. dxe6 Nxe6 24. Qxd6 Nf6 25. Rfd1 Qxd6 26. Rxd6 Rfd8 27. Rxa6 Rd2 28. Rb6 Ra8 29. a6 Nd4 30. Bd1 Nd7 31. Rb7 Ne5 32. a7 Nd3 33. Nf1 Rxd1 34. Ra2 0-1

[Event "Turkish Super League 2019"]
[Site "Konya"]
[Date "2019.07.18"]
[Round "2"]
[White "Dastan, Muhammed Batuhan"]
[Black "Moiseenko, Vadim"]
[Result "1-0"]
[WhiteElo "2565"]
[BlackElo "2523"]
[Annotator "ChessBase"]
[PlyCount "77"]
[EventDate "2019.07.17"]
[EventType "team-tourn"]
[EventCountry "TUR"]
[SourceTitle "playchess.com"]
[Source "ChessBase"]
[SourceQuality "1"]
[TimeControl "40/5400+30:1800+30"]

1. e4 {[%emt 0:00:30]} e5 {[%emt 0:00:30]} 2. Nf3 {[%emt 0:00:30]} Nc6 {[%emt 0:00:30]} 3. Bc4 {[%emt 0:00:00]} Nf6 {[%emt 0:00:00]} 4. d3 {[%emt 0:00:00]} Be7 {[%emt 0:00:00]} 5. O-O {[%emt 0:00:00]} O-O {[%emt 0:00:30]} 6. h3 {[%emt 0:00:00]} d6 {[%emt 0:02:30]} 7. a4 {[%emt 0:00:00]} h6 {[%emt 0:01:30]} 8. Re1 {[%emt 0:03:00]} Kh8 {[%emt 0:00:30]} 9. Nc3 {[%emt 0:13:30]} Na5 {[%emt 0:12:30]} 10. Ba2 {[%emt 0:00:30]} c5 {[%emt 0:00:30]} 11. Nd5 {[%emt 0:17:30]} Nxd5 {[%emt 0:00:30]} 12. Bxd5 {[%emt 0:02:30]} Be6 {[%emt 0:06:30]} 13. c3 {[%emt 0:05:30]} Rc8 {[%emt 0:01:30]} 14. Bxe6 {[%emt 0:14:30]} fxe6 {[%emt 0:00:00]} 15. Be3 {[%emt 0:02:30]} b6 {[%emt 0:03:00]} 16. b4 {[%emt 0:12:30]} cxb4 {[%emt 0:01:30]} 17. cxb4 {[%emt 0:00:30]} Nc6 {[%emt 0:00:30]} 18. Qb3 {[%emt 0:00:30]} d5 {[%emt 0:15:30]} 19. b5 {[%emt 0:02:30]} Na5 {[%emt 0:00:30]} 20. Qa2 {[%emt 0:01:30]} Qd6 {[%emt 0:06:30]} 21. Rac1 {[%emt 0:06:01]} Nb7 {[%emt 0:06:30]} 22. Rxc8 {[%emt 0:02:09]} Rxc8 {[%emt 0:00:30]} 23. exd5 {[%emt 0:00:00]} exd5 {[%emt 0:00:30]} 24. d4 {[%emt 0:00:00]} exd4 {[%emt 0:00:30]} 25. Bxd4 {[%emt 0:02:36]} Rf8 {[%emt 0:11:30]} 26. Re5 {[%emt 0:00:31]} Rd8 {[%emt 0:01:30]} 27. Qe2 {[%emt 0:01:16]} Bf8 {[%emt 0:00:30]} 28. Re6 {[%emt 0:03:19]} Qf4 {[%emt 0:00:30]} 29. g3 {[%emt 0:00:02]} Qc1+ {[%emt 0:00:30]} 30. Kg2 {[%emt 0:00:00]} Nd6 {[%emt 0:00:00]} 31. Ne5 {[%emt 0:00:47]} Kg8 {[%emt 0:01:00]} 32. Qf3 {[%emt 0:03:34]} Qd2 {[%emt 0:04:30]} 33. Rxd6 {[%emt 0:03:20]} Rxd6 {[%emt 0:00:30]} 34. Qf7+ {[%emt 0:00:30]} Kh7 {[%emt 0:00:30]} 35. Nf3 {[%emt 0:00:18]} Qc2 {[%emt 0:01:30]} 36. Qxf8 {[%emt 0:00:05]} Rg6 {[%emt 0:00:00]} 37. Qf4 {[%emt 0:01:54]} Qxa4 {[%emt 0:00:00]} 38. Qf5 {[%emt 0:00:57]} Qxb5 {[%emt 0:00:30]} 39. h4 {[%emt 0:00:16]} 1-0